000 00364nam a2200133 i 4500
001 bg
100 1 _aALEKSANDROV, P. S.
245 0 _aMemuar o kompaktnych topoligiceskich prostranstvach /
_cP. S. Aleksandrov i P. S. Uryson.
260 _aMoskva :
_b"Nauka",
_c1971.
040 _cBPK
041 _apol
942 _cKS
008 s pl f |000 0 pol
999 _c25511
_d25511
856 _uhttp://koha.tu.koszalin.pl/cgi-bin/koha/opac-detail.pl?biblionumber=25511
_yKatalog online BPK